000 00422pab a2200169 454500
008 180718b2006 xxu||||| |||| 00| 0 eng d
100 _aDewoskin, Kenneth J.
245 _aFacing the China corruption challenge
260 _c2006
300 _ap.37-40.
362 _aSep
650 _aCorruption - China
650 _aCorruption
700 _aStones Ian J.
773 _aFar Eastern Economic Review
909 _a71709
999 _c71709
_d71709